000 00552nam a2200181Ia 4500
001 20110
005 20260306172742.0
008 260306t2010||||xx |||||||||||||| ||spa||
041 _aESP
082 _a342.211
_bS17 T. 2
100 _aSalmón, Elizabeth
_eAUT
245 0 _aLos derechos de los niños y las niñas en la jurisprudencia de la corte interamericana de los derechos humanos:
_bestándares entorno a su protección y promoción
260 _c2010
300 _a
_c21 cm.
650 _aGEN
654 _aCDE
942 _cLIB
_dJUS
_fJUS
_2ddc
_n
999 _c20110
_d20110